[Event "Monarch Assurance Isle of Man 11th"]
[Site "Port Erin IOM"]
[Date "2002.09.28"]
[Round "1.25"]
[White "Grant, Alan"]
[Black "Bennion, David A"]
[Result "1-0"]
[WhiteElo "2195"]
[BlackElo "2060"]
[PlyCount "117"]
[EventDate "2002.09.28"]
[EventType "swiss"]
[EventRounds "9"]
[EventCountry "IOM"]
[SourceTitle "BritBase"]
[SourceDate "2008.07.14"]
[SourceVersion "1"]
[SourceVersionDate "2008.07.14"]
[SourceQuality "2"]

1. c4 e5 2. g3 Nf6 3. Bg2 d5 4. cxd5 Nxd5 5. Nf3 Nc6 6. O-O Be6 7. d4 exd4 8.
Nxd4 Nxd4 9. Qxd4 c6 10. a3 Qf6 11. Qxf6 Nxf6 12. Nc3 Be7 13. b4 O-O 14. Be3 a5
15. b5 cxb5 16. Nxb5 Bc4 17. Nc3 Ng4 18. Bd4 Rfd8 19. Rfd1 Rd7 20. Bb6 Rxd1+
21. Rxd1 Be6 22. a4 Ne5 23. Nd5 Bxd5 24. Bxd5 Nc6 25. Bxc6 bxc6 26. Rd7 Bb4 27.
Rc7 c5 28. Bxc5 Bxc5 29. Rxc5 g6 30. e4 h5 31. f4 Rb8 32. Rxa5 Rb2 33. h4 Rb7
34. Kg2 Rb2+ 35. Kh3 Rd2 36. f5 Kg7 37. Ra6 gxf5 38. exf5 f6 39. Ra7+ Kg8 40.
a5 Rb2 41. a6 Ra2 42. g4 Ra3+ 43. Kg2 hxg4 44. h5 Kh8 45. h6 g3 46. Ra8+ Kh7
47. a7 Ra2+ 48. Kxg3 Ra3+ 49. Kf4 Ra4+ 50. Ke3 Ra1 51. Kd3 Ra6 52. Kc4 Ra1 53.
Kd5 Ra5+ 54. Ke6 Ra6+ 55. Kf7 Ra1 56. Kxf6 Ra2 57. Ke6 Re2+ 58. Kd5 Ra2 59. f6
1-0

[Event "Monarch Assurance Isle of Man 11th"]
[Site "Port Erin IOM"]
[Date "2002.09.28"]
[Round "1.26"]
[White "Lutton, E Josiah"]
[Black "Hutchinson, Norman A"]
[Result "1-0"]
[WhiteElo "2045"]
[BlackElo "2175"]
[PlyCount "57"]
[EventDate "2002.09.28"]
[EventType "swiss"]
[EventRounds "9"]
[EventCountry "IOM"]
[SourceTitle "BritBase"]
[SourceDate "2008.07.14"]
[SourceVersion "1"]
[SourceVersionDate "2008.07.14"]
[SourceQuality "2"]

1. e4 c6 2. Nc3 d5 3. d3 e5 4. f4 d4 5. Nce2 Bd6 6. fxe5 Bxe5 7. Nf3 Bg4 8.
Nxe5 Qa5+ 9. Qd2 Qxe5 10. Qb4 Bxe2 11. Bxe2 b6 12. O-O Nd7 13. Qc4 Ngf6 14.
Qxc6 O-O 15. Rf5 Qe6 16. Qa4 Rfc8 17. Bg5 Qc6 18. Qxc6 Rxc6 19. Bf3 Rac8 20.
Bxf6 Nxf6 21. e5 Rc5 22. b4 Rxc2 23. exf6 Rc1+ 24. Rxc1 Rxc1+ 25. Kf2 Rc2+ 26.
Kg3 gxf6 27. Rxf6 Kg7 28. Rf4 Rxa2 29. Rxf7+ 1-0

[Event "Monarch Assurance Isle of Man 11th"]
[Site "Port Erin IOM"]
[Date "2002.09.28"]
[Round "1.28"]
[White "Spanton, Tim"]
[Black "Gordon, Stephen J"]
[Result "0-1"]
[WhiteElo "2008"]
[BlackElo "2159"]
[PlyCount "80"]
[EventDate "2002.09.28"]
[EventType "swiss"]
[EventRounds "9"]
[EventCountry "IOM"]
[SourceTitle "BritBase"]
[SourceDate "2008.07.14"]
[SourceVersion "1"]
[SourceVersionDate "2008.07.14"]
[SourceQuality "2"]

1. d4 Nf6 2. c4 e6 3. Nc3 Bb4 4. Bd2 O-O 5. g3 Bxc3 6. Bxc3 Ne4 7. Rc1 f5 8.
Bg2 d6 9. Nf3 Nd7 10. O-O a5 11. Qc2 Qe7 12. Rce1 c5 13. e3 e5 14. dxe5 dxe5
15. Nd2 Nxc3 16. Qxc3 Ra6 17. f4 e4 18. g4 Rg6 19. g5 b6 20. Rd1 Rd6 21. Nb1
Rd8 22. Qc2 Nb8 23. Nc3 Be6 24. Rxd6 Rxd6 25. b3 Nc6 26. a3 Qd8 27. Rd1 Rxd1+
28. Nxd1 a4 29. bxa4 Na5 30. Bf1 h6 31. h4 Kh7 32. Nb2 Qd6 33. Be2 Nc6 34. Qc3
Nd4 35. exd4 cxd4 36. Qg3 d3 37. gxh6 Qd4+ 38. Kh1 dxe2 39. h5 Qxb2 40. Qg6+
Kh8 0-1

[Event "Monarch Assurance Isle of Man 11th"]
[Site "Port Erin IOM"]
[Date "2002.09.28"]
[Round "1.29"]
[White "Blackburn, Jonathan LB"]
[Black "Waugh, Jonathon C"]
[Result "1-0"]
[WhiteElo "2158"]
[BlackElo "1930"]
[PlyCount "93"]
[EventDate "2002.09.28"]
[EventType "swiss"]
[EventRounds "9"]
[EventCountry "IOM"]
[SourceTitle "BritBase"]
[SourceDate "2008.07.14"]
[SourceVersion "1"]
[SourceVersionDate "2008.07.14"]
[SourceQuality "2"]

1. d4 d5 2. c4 e6 3. Nc3 Nf6 4. Bg5 Be7 5. e3 h6 6. Bh4 O-O 7. Nf3 b6 8. Bxf6
Bxf6 9. cxd5 exd5 10. b4 c6 11. Be2 Be6 12. O-O Qe7 13. Rb1 Rc8 14. Qb3 Qd6 15.
Rfc1 Nd7 16. Qd1 Rab8 17. a4 a5 18. bxa5 bxa5 19. e4 dxe4 20. Nxe4 Qd5 21.
Nxf6+ Nxf6 22. Bc4 Qf5 23. Bxe6 Qxe6 24. Rxb8 Rxb8 25. Ne5 Rb6 26. Qc2 Nd5 27.
Qc5 Rb4 28. Nxc6 Rxa4 29. Qxd5 Qxd5 30. Ne7+ Kh7 31. Nxd5 Rxd4 32. Ne3 a4 33.
g3 a3 34. Ra1 Ra4 35. Ra2 g5 36. Nc2 Rc4 37. Nxa3 Ra4 38. Ra1 Kg6 39. Nc2 Rc4
40. Ne3 Rc5 41. Ra6+ f6 42. g4 Rc7 43. h3 Rf7 44. Nf5 h5 45. Kg2 hxg4 46. hxg4
Ra7 47. Nh4+ 1-0

[Event "Monarch Assurance Isle of Man 11th"]
[Site "Port Erin IOM"]
[Date "2002.09.28"]
[Round "1.30"]
[White "Kelly, David"]
[Black "Fox, Anthony"]
[Result "1/2-1/2"]
[WhiteElo "1860"]
[BlackElo "2142"]
[PlyCount "44"]
[EventDate "2002.09.28"]
[EventType "swiss"]
[EventRounds "9"]
[EventCountry "IOM"]
[SourceTitle "BritBase"]
[SourceDate "2008.07.14"]
[SourceVersion "1"]
[SourceVersionDate "2008.07.14"]
[SourceQuality "2"]

1. e4 e5 2. Bc4 Nf6 3. Nc3 Bc5 4. d3 Nc6 5. f4 d6 6. Nf3 Bg4 7. Na4 Bb6 8. Nxb6
axb6 9. O-O Qe7 10. h3 Bxf3 11. Qxf3 exf4 12. Qxf4 O-O 13. Bd2 b5 14. Bb3 Nd4
15. Qf2 Nxb3 16. axb3 Nd7 17. Ra7 Rab8 18. Qf5 Ne5 19. Ra5 c6 20. Bc3 f6 21.
Qf2 Rfe8 22. b4 Qc7 1/2-1/2

[Event "Monarch Assurance Isle of Man 11th"]
[Site "Port Erin IOM"]
[Date "2002.09.28"]
[Round "1.31"]
[White "Van Kemenade, Rudy"]
[Black "Cheshire, Paul"]
[Result "1-0"]
[WhiteElo "2141"]
[BlackElo "1775"]
[PlyCount "81"]
[EventDate "2002.09.28"]
[EventType "swiss"]
[EventRounds "9"]
[EventCountry "IOM"]
[SourceTitle "BritBase"]
[SourceDate "2008.07.14"]
[SourceVersion "1"]
[SourceVersionDate "2008.07.14"]
[SourceQuality "2"]

1. e4 e5 2. Nf3 Nc6 3. Bb5 a6 4. Ba4 Nf6 5. O-O Be7 6. Re1 b5 7. Bb3 O-O 8. h3
d6 9. c3 Bb7 10. d4 exd4 11. cxd4 Na5 12. Bc2 Re8 13. Nbd2 Bf8 14. d5 c6 15. b4
Nc4 16. dxc6 Bxc6 17. Nd4 Bd7 18. Nxc4 bxc4 19. Bb2 Rc8 20. Bc3 g6 21. Qf3 Bg7
22. Rad1 Re7 23. Ne2 Ne8 24. Nf4 Bxc3 25. Qxc3 Re5 26. Rd4 Qg5 27. Nd5 Qd8 28.
Rxc4 Rxc4 29. Qxc4 Be6 30. Rd1 Bxd5 31. Rxd5 Qg5 32. Bb3 Qe7 33. Rxe5 dxe5 34.
a3 Nd6 35. Qxa6 Kg7 36. Bd5 Qc7 37. Qc6 Qe7 38. b5 Ne8 39. b6 Nf6 40. b7 Nd7
41. g3 1-0

[Event "Monarch Assurance Isle of Man 11th"]
[Site "Port Erin IOM"]
[Date "2002.09.29"]
[Round "2.1"]
[White "Goloshchapov, Alexander"]
[Black "Dautov, Rustem"]
[Result "1/2-1/2"]
[WhiteElo "2544"]
[BlackElo "2617"]
[PlyCount "32"]
[EventDate "2002.09.28"]
[EventType "swiss"]
[EventRounds "9"]
[EventCountry "IOM"]
[SourceTitle "BritBase"]
[SourceDate "2008.07.14"]
[SourceVersion "1"]
[SourceVersionDate "2008.07.14"]
[SourceQuality "2"]

1. e4 c6 2. d4 d5 3. Nd2 dxe4 4. Nxe4 Bf5 5. Ng3 Bg6 6. h4 h6 7. Nf3 Nd7 8. h5
Bh7 9. Bd3 Bxd3 10. Qxd3 e6 11. Bd2 Ngf6 12. O-O-O Be7 13. Qe2 O-O 14. Ne5 Re8
15. Kb1 Qc7 16. Rhe1 Bd6 1/2-1/2

[Event "Monarch Assurance Isle of Man 11th"]
[Site "Port Erin IOM"]
[Date "2002.09.29"]
[Round "2.2"]
[White "Hebden, Mark"]
[Black "Neverov, Valery"]
[Result "1/2-1/2"]
[WhiteElo "2534"]
[BlackElo "2587"]
[PlyCount "21"]
[EventDate "2002.09.28"]
[EventType "swiss"]
[EventRounds "9"]
[EventCountry "IOM"]
[SourceTitle "BritBase"]
[SourceDate "2008.07.14"]
[SourceVersion "1"]
[SourceVersionDate "2008.07.14"]
[SourceQuality "2"]

1. d4 Nf6 2. Nf3 e6 3. c3 b6 4. Bg5 Bb7 5. Nbd2 Be7 6. h4 c5 7. e3 Nc6 8. h5
O-O 9. a3 cxd4 10. cxd4 Nd5 11. Bxe7 1/2-1/2

[Event "Monarch Assurance Isle of Man 11th"]
[Site "Port Erin IOM"]
[Date "2002.09.29"]
[Round "2.4"]
[White "Williams, Simon K"]
[Black "Zapata, Alonso"]
[Result "0-1"]
[WhiteElo "2421"]
[BlackElo "2549"]
[PlyCount "92"]
[EventDate "2002.09.28"]
[EventType "swiss"]
[EventRounds "9"]
[EventCountry "IOM"]
[SourceTitle "BritBase"]
[SourceDate "2008.07.14"]
[SourceVersion "1"]
[SourceVersionDate "2008.07.14"]
[SourceQuality "2"]

1. c4 Nf6 2. Nc3 d6 3. g3 e5 4. Bg2 c6 5. e4 Be7 6. Nge2 O-O 7. d4 Nbd7 8. O-O
a6 9. d5 cxd5 10. cxd5 b5 11. h3 Nb6 12. g4 Ne8 13. Nb1 Bd7 14. Nd2 b4 15. Nf3
Bb5 16. Re1 Na4 17. Ng3 g6 18. Bf1 Qb8 19. Bh6 Ng7 20. Qd2 Bxf1 21. Rxf1 Qb5
22. Kh2 Nc5 23. Rad1 f6 24. Ne1 b3 25. a3 Bd8 26. Ng2 Ba5 27. Qc1 Rac8 28. Qb1
Rf7 29. Ne3 Ne8 30. Rc1 Rfc7 31. Rfd1 Na4 32. Rxc7 Rxc7 33. g5 Bb6 34. gxf6
Nxf6 35. Rc1 Rc5 36. Nef5 Qd7 37. Bg5 Bd8 38. Rxc5 Nxc5 39. Nh6+ Kg7 40. Bxf6+
Bxf6 41. Qc1 Qd8 42. Ng4 Bg5 43. Ne3 Bf4 44. Qc4 Qg5 45. Ng2 Bxg3+ 46. fxg3 Qd2
0-1

[Event "Monarch Assurance Isle of Man 11th"]
[Site "Port Erin IOM"]
[Date "2002.09.29"]
[Round "2.5"]
[White "Orr, Mark JL"]
[Black "Ulibin, Mikhail"]
[Result "0-1"]
[WhiteElo "2332"]
[BlackElo "2589"]
[PlyCount "116"]
[EventDate "2002.09.28"]
[EventType "swiss"]
[EventRounds "9"]
[EventCountry "IOM"]
[SourceTitle "BritBase"]
[SourceDate "2008.07.14"]
[SourceVersion "1"]
[SourceVersionDate "2008.07.14"]
[SourceQuality "2"]

1. d4 e6 2. e4 d5 3. e5 c5 4. c3 Nc6 5. Nf3 Bd7 6. Be2 Nge7 7. Na3 cxd4 8. cxd4
Nf5 9. Nc2 Qb6 10. g4 Nfe7 11. O-O f6 12. Bd3 Ng6 13. h4 fxe5 14. Bxg6+ hxg6
15. dxe5 Bc5 16. Bf4 O-O 17. Bg3 Qxb2 18. Rb1 Qc3 19. Rb3 Qc4 20. Ng5 Ne7 21.
Ne3 Qa6 22. Qb1 b6 23. Ng2 Qc4 24. Qd1 Rac8 25. Ne3 Qa4 26. Qe2 Bxe3 27. fxe3
Rxf1+ 28. Kxf1 d4 29. e4 Qc4 30. Qxc4 Rxc4 31. Rf3 Rc1+ 32. Kg2 Rc2+ 33. Kh3
Nc6 34. Rf7 Nb8 35. h5 gxh5 36. gxh5 d3 37. Rf1 Rxa2 38. Bf4 Rc2 39. Rd1 Rc3
40. Kg4 Rb3 41. Nf3 Nc6 42. h6 gxh6 43. Bxh6 Kf7 44. Bg5 Rb4 45. Bf6 Rxe4+ 46.
Kg5 Re2 47. Rxd3 Ke8 48. Rd1 Ne7 49. Nd4 Rg2+ 50. Kf4 Nd5+ 51. Kf3 Rg6 52. Bh4
a5 53. Ra1 a4 54. Rb1 Rh6 55. Bg5 Rh3+ 56. Kg4 Rd3 57. Nf3 a3 58. Rh1 Ba4 0-1

[Event "Monarch Assurance Isle of Man 11th"]
[Site "Port Erin IOM"]
[Date "2002.09.29"]
[Round "2.6"]
[White "Epishin, Vladimir"]
[Black "Hanley, Craig A"]
[Result "1-0"]
[WhiteElo "2643"]
[BlackElo "2331"]
[PlyCount "85"]
[EventDate "2002.09.28"]
[EventType "swiss"]
[EventRounds "9"]
[EventCountry "IOM"]
[SourceTitle "BritBase"]
[SourceDate "2008.07.14"]
[SourceVersion "1"]
[SourceVersionDate "2008.07.14"]
[SourceQuality "2"]

1. d4 d5 2. c4 c6 3. Nf3 Nf6 4. Nc3 dxc4 5. a4 Bf5 6. Nh4 e6 7. Nxf5 exf5 8. e3
Bb4 9. Bxc4 O-O 10. Qc2 c5 11. dxc5 g6 12. O-O Nc6 13. b3 Ne5 14. Bb2 Nxc4 15.
bxc4 Qe7 16. Rfd1 Rfd8 17. Qb3 a5 18. Nd5 Nxd5 19. cxd5 Rac8 20. Rac1 Rxc5 21.
Rxc5 Qxc5 22. Qd3 Qb6 23. g3 f6 24. e4 Bc5 25. Rd2 fxe4 26. Qxe4 Qd6 27. Qf3
Rf8 28. Re2 Qb6 29. Kg2 Bd4 30. Ba3 Rf7 31. Re6 Qb1 32. d6 Qf5 33. Re8+ Kg7 34.
Qxf5 gxf5 35. Rc8 Bb6 36. Kf3 Rd7 37. Rc2 Kg6 38. h3 h6 39. Rd2 Ba7 40. Rd5 b6
41. Rb5 Rd8 42. Ke2 Re8+ 43. Kd3 1-0

[Event "Monarch Assurance Isle of Man 11th"]
[Site "Port Erin IOM"]
[Date "2002.09.29"]
[Round "2.7"]
[White "Marchand, Francois"]
[Black "Rotstein, Arkadij"]
[Result "1/2-1/2"]
[WhiteElo "2237"]
[BlackElo "2557"]
[PlyCount "116"]
[EventDate "2002.09.28"]
[EventType "swiss"]
[EventRounds "9"]
[EventCountry "IOM"]
[SourceTitle "BritBase"]
[SourceDate "2008.07.14"]
[SourceVersion "1"]
[SourceVersionDate "2008.07.14"]
[SourceQuality "2"]

1. d4 Nf6 2. c4 e6 3. Nf3 c5 4. e3 b6 5. Nc3 Bb7 6. d5 exd5 7. cxd5 g6 8. e4
Bg7 9. Bg5 h6 10. Bh4 g5 11. Bg3 Qe7 12. e5 Nh5 13. Nb5 O-O 14. d6 Qe6 15. Nc7
Qg4 16. Be2 Qb4+ 17. Qd2 Nc6 18. Nxa8 Bxa8 19. Qxb4 Nxb4 20. O-O Re8 21. Bb5
Nxg3 22. hxg3 Bc6 23. Bxc6 Nxc6 24. Rfe1 g4 25. Nh4 Bxe5 26. Nf5 Re6 27. Rad1
Kh7 28. b3 Kg6 29. Ne3 Bc3 30. Rf1 h5 31. Nd5 Be5 32. Nc7 Rxd6 33. Nb5 Rxd1 34.
Rxd1 a6 35. Nd6 Bd4 36. Re1 Nb4 37. Re7 Nxa2 38. Rxd7 Nc1 39. Rb7 b5 40. Rb6 f6
41. Rxa6 b4 42. Kf1 Nxb3 43. Ke2 Be5 44. Nc4 Bc3 45. Kd3 Nd4 46. Nd6 Nf5 47.
Ne4 Bd4 48. Kc4 h4 49. gxh4 Nxh4 50. Nxc5 Bxc5 51. Kxc5 Nxg2 52. Kxb4 Nf4 53.
Kc4 Nh3 54. Ra2 Kf5 55. Kd5 Kf4 56. Rb2 g3 57. fxg3+ Kxg3 58. Rb3+ Kg4 1/2-1/2

[Event "Monarch Assurance Isle of Man 11th"]
[Site "Port Erin IOM"]
[Date "2002.09.29"]
[Round "2.8"]
[White "Sulskis, Sarunas"]
[Black "Palus, Ryszard"]
[Result "1/2-1/2"]
[WhiteElo "2577"]
[BlackElo "2232"]
[PlyCount "124"]
[EventDate "2002.09.28"]
[EventType "swiss"]
[EventRounds "9"]
[EventCountry "IOM"]
[SourceTitle "BritBase"]
[SourceDate "2008.07.14"]
[SourceVersion "1"]
[SourceVersionDate "2008.07.14"]
[SourceQuality "2"]

1. Nf3 Nf6 2. c4 g6 3. Nc3 d5 4. cxd5 Nxd5 5. Qa4+ Bd7 6. Qh4 Nxc3 7. dxc3 Nc6
8. Bf4 f6 9. Bh6 e5 10. Bxf8 Kxf8 11. Qh6+ Kf7 12. e4 Be6 13. Bb5 Qf8 14. Qxf8+
Rhxf8 15. Bxc6 bxc6 16. O-O-O Ke7 17. a3 Rfd8 18. Rxd8 Rxd8 19. h4 h6 20. Nd2
Rd6 21. g3 Rd8 22. Kc2 Rd7 23. Re1 Rd8 24. b4 Bf7 25. f3 Be6 26. f4 exf4 27.
gxf4 g5 28. hxg5 hxg5 29. fxg5 fxg5 30. Nf3 Rg8 31. Nd4 Bd7 32. e5 g4 33. Kd2
Rh8 34. e6 Be8 35. Rg1 Rh2+ 36. Kd3 Rh3+ 37. Kc4 g3 38. Rxg3 Rxg3 39. Nf5+ Kxe6
40. Nxg3 Bg6 41. Kc5 Kd7 42. Nf1 Be4 43. Kd4 Bg2 44. Nd2 Bh1 45. Ne4 Ke6 46.
Nd2 Kd6 47. Nc4+ Kd7 48. a4 Bg2 49. a5 Ke6 50. Kc5 Bf3 51. Nd2 Bg2 52. Nb3 Kd7
53. Kd4 Kd6 54. Nc5 Bh1 55. Ne4+ Ke6 56. Ng5+ Kd6 57. c4 Bg2 58. c5+ Ke7 59.
Ke5 Kd7 60. Kf6 Bd5 61. Nf7 Bxf7 62. Kxf7 a6 1/2-1/2

[Event "Monarch Assurance Isle of Man 11th"]
[Site "Port Erin IOM"]
[Date "2002.09.29"]
[Round "2.11"]
[White "Stocek, Jiri"]
[Black "Vuilleumier, Alex"]
[Result "1-0"]
[WhiteElo "2555"]
[BlackElo "2169"]
[PlyCount "49"]
[EventDate "2002.09.28"]
[EventType "swiss"]
[EventRounds "9"]
[EventCountry "IOM"]
[SourceTitle "BritBase"]
[SourceDate "2008.07.14"]
[SourceVersion "1"]
[SourceVersionDate "2008.07.14"]
[SourceQuality "2"]

1. e4 c5 2. Nf3 d6 3. d4 cxd4 4. Nxd4 Nf6 5. Nc3 Nc6 6. Bg5 e6 7. Qd2 a6 8.
O-O-O h6 9. Bf4 Bd7 10. Nxc6 Bxc6 11. f3 d5 12. Qe1 Bb4 13. a3 Ba5 14. b4 Bb6
15. exd5 Bxd5 16. Nxd5 Nxd5 17. Be5 O-O 18. c4 Qg5+ 19. Kb1 Nf4 20. Qe4 Ng6 21.
f4 Qe7 22. Bd6 Qd7 23. Be2 Qa4 24. Qc2 Qxa3 25. Rd3 1-0

[Event "Monarch Assurance Isle of Man 11th"]
[Site "Port Erin IOM"]
[Date "2002.09.29"]
[Round "2.12"]
[White "Gordon, Stephen J"]
[Black "Kogan, Artur"]
[Result "0-1"]
[WhiteElo "2159"]
[BlackElo "2530"]
[PlyCount "64"]
[EventDate "2002.09.28"]
[EventType "swiss"]
[EventRounds "9"]
[EventCountry "IOM"]
[SourceTitle "BritBase"]
[SourceDate "2008.07.14"]
[SourceVersion "1"]
[SourceVersionDate "2008.07.14"]
[SourceQuality "2"]

1. c4 e5 2. g3 d6 3. Bg2 f5 4. d4 Be7 5. Nc3 Nf6 6. e3 c6 7. Nge2 O-O 8. O-O
Na6 9. a3 Nc7 10. e4 Nxe4 11. Nxe4 fxe4 12. dxe5 d5 13. cxd5 cxd5 14. Be3 Bg4
15. h3 Bh5 16. g4 Bf7 17. f4 exf3 18. Bxf3 Bg5 19. Qd2 Bxe3+ 20. Qxe3 Qh4 21.
Kg2 Rad8 22. Nd4 Ne6 23. Nxe6 Bxe6 24. Rad1 h5 25. Rd4 Rc8 26. Rfd1 Rf7 27.
R1d2 Rcf8 28. Bd1 Rf1 29. b4 Re1 30. Re2 Rxd1 31. Rxd1 hxg4 32. Rd4 Rf3 0-1

[Event "Monarch Assurance Isle of Man 11th"]
[Site "Port Erin IOM"]
[Date "2002.09.29"]
[Round "2.13"]
[White "Felgaer, Ruben"]
[Black "Blackburn, Jonathan LB"]
[Result "1/2-1/2"]
[WhiteElo "2528"]
[BlackElo "2158"]
[PlyCount "51"]
[EventDate "2002.09.28"]
[EventType "swiss"]
[EventRounds "9"]
[EventCountry "IOM"]
[SourceTitle "BritBase"]
[SourceDate "2008.07.14"]
[SourceVersion "1"]
[SourceVersionDate "2008.07.14"]
[SourceQuality "2"]

1. e4 e6 2. d4 d5 3. Nc3 Bb4 4. e5 c5 5. a3 Ba5 6. b4 cxd4 7. Nb5 Bc7 8. f4 Bd7
9. Nf3 a6 10. Nxc7+ Qxc7 11. Bd3 Ne7 12. Bb2 Nbc6 13. O-O h6 14. Qd2 O-O 15.
Nxd4 Nxd4 16. Bxd4 Bb5 17. Bc5 Rfe8 18. Qf2 Qc6 19. g4 a5 20. f5 Bxd3 21. cxd3
exf5 22. gxf5 axb4 23. Bxb4 Ra6 24. Rae1 Qb5 25. Qg3 Nxf5 26. Qf3 1/2-1/2

[Event "Monarch Assurance Isle of Man 11th"]
[Site "Port Erin IOM"]
[Date "2002.09.29"]
[Round "2.14"]
[White "Miezis, Normunds"]
[Black "Van Kemenade, Rudy"]
[Result "1-0"]
[WhiteElo "2510"]
[BlackElo "2141"]
[PlyCount "73"]
[EventDate "2002.09.28"]
[EventType "swiss"]
[EventRounds "9"]
[EventCountry "IOM"]
[SourceTitle "BritBase"]
[SourceDate "2008.07.14"]
[SourceVersion "1"]
[SourceVersionDate "2008.07.14"]
[SourceQuality "2"]

1. c4 f5 2. Nc3 Nf6 3. g3 g6 4. Bg2 Bg7 5. d4 O-O 6. Nf3 d6 7. O-O c6 8. b3 Na6
9. Re1 e5 10. dxe5 Ng4 11. Bg5 Qb6 12. e3 dxe5 13. Qd2 e4 14. Nd4 Re8 15. Rad1
Nc5 16. f3 exf3 17. Nxf3 Ne6 18. Na4 Qc7 19. Bf4 Qe7 20. Bd6 Qd8 21. e4 b5 22.
exf5 bxa4 23. fxe6 Bxe6 24. h3 Bh6 25. Qc3 Qf6 26. Qxf6 Nxf6 27. Nd4 Bd7 28.
Nxc6 axb3 29. Ne7+ Kf7 30. Bxa8 Rxa8 31. axb3 Bxh3 32. c5 Ng4 33. Nd5 Bg5 34.
Bf4 Bd8 35. b4 Rc8 36. Bd6 h5 37. Nf4 1-0

[Event "Monarch Assurance Isle of Man 11th"]
[Site "Port Erin IOM"]
[Date "2002.09.29"]
[Round "2.16"]
[White "Harborne, Matthew"]
[Black "Tyomkin, Dimitri"]
[Result "0-1"]
[WhiteElo "2075"]
[BlackElo "2482"]
[PlyCount "92"]
[EventDate "2002.09.28"]
[EventType "swiss"]
[EventRounds "9"]
[EventCountry "IOM"]
[SourceTitle "BritBase"]
[SourceDate "2008.07.14"]
[SourceVersion "1"]
[SourceVersionDate "2008.07.14"]
[SourceQuality "2"]

1. e4 c5 2. c3 Nf6 3. e5 Nd5 4. d4 cxd4 5. cxd4 d6 6. Nf3 Nc6 7. Bc4 e6 8. O-O
Be7 9. Re1 O-O 10. Bxd5 exd5 11. Qb3 dxe5 12. dxe5 Be6 13. Qxb7 Rc8 14. Be3 d4
15. Rd1 Bd5 16. Qb5 Rb8 17. Qf1 dxe3 18. Nc3 e2 19. Qxe2 Bxf3 20. Qxf3 Qe8 21.
Nd5 Bd8 22. Re1 Qe6 23. Nf4 Qh6 24. Rac1 Nd4 25. Qe4 Bg5 26. Rc3 Bxf4 27. Rh3
Ne2+ 28. Qxe2 Qg6 29. Rf3 Bh6 30. Ra3 Qb6 31. Rb3 Qe6 32. Ra3 Rb7 33. Rd1 Re8
34. Ra6 Qc8 35. Qf3 g6 36. Qe4 Bg7 37. f4 Qc5+ 38. Kh1 Rxb2 39. e6 Rb4 40.
exf7+ Kxf7 41. Qd3 Rd4 42. Qb3+ Kf8 43. Rf1 Rde4 44. Qd3 Re1 45. h3 Rxf1+ 46.
Qxf1 Bc3 0-1

[Event "Monarch Assurance Isle of Man 11th"]
[Site "Port Erin IOM"]
[Date "2002.09.29"]
[Round "2.17"]
[White "Grunberg, Mihai"]
[Black "Lutton, E Josiah"]
[Result "1-0"]
[WhiteElo "2445"]
[BlackElo "2045"]
[PlyCount "117"]
[EventDate "2002.09.28"]
[EventType "swiss"]
[EventRounds "9"]
[EventCountry "IOM"]
[SourceTitle "BritBase"]
[SourceDate "2008.07.14"]
[SourceVersion "1"]
[SourceVersionDate "2008.07.14"]
[SourceQuality "2"]

1. Nf3 Nc6 2. d4 e6 3. e4 b6 4. d5 exd5 5. exd5 Nce7 6. Bc4 d6 7. O-O Ng6 8.
Qe2+ Be7 9. Bb5+ Bd7 10. Nc3 Nf6 11. Nd4 O-O 12. Nc6 Qe8 13. Bd2 a6 14. Nxe7+
Nxe7 15. Bxa6 Nfxd5 16. Bb7 Nxc3 17. Bxc3 Ra7 18. Rae1 Rxb7 19. Qxe7 Qxe7 20.
Rxe7 Be6 21. Bb4 Rd8 22. Bxd6 Bd7 23. Bf4 Kf8 24. Rfe1 Re8 25. Rxe8+ Bxe8 26.
Re3 f6 27. f3 Bg6 28. Rc3 c5 29. a4 Kf7 30. Kf2 Ke6 31. g4 Kd5 32. Be3 Rc7 33.
b4 Rc6 34. bxc5 bxc5 35. a5 c4 36. Bb6 Re6 37. h4 h6 38. h5 Bh7 39. f4 Be4 40.
f5 Rc6 41. Ke3 Ke5 42. Ra3 Bxc2 43. a6 Rc8 44. a7 Ra8 45. Bc7+ Kd5 46. Ra6 c3
47. Bb8 Kc4 48. Rc6+ Kb3 49. Kd4 Kb2 50. Rxc3 Bd1 51. Rg3 Kc2 52. Kd5 Kd2 53.
Kc6 Bc2 54. Rg2+ Kc3 55. Kd7 Be4 56. Rg3+ Kd4 57. Ke7 Bd5 58. Kf8 Ke4 59. Kxg7
1-0

[Event "Monarch Assurance Isle of Man 11th"]
[Site "Port Erin IOM"]
[Date "2002.09.29"]
[Round "2.18"]
[White "Gladyszev, Oleg"]
[Black "Kunte, Abhijit"]
[Result "1/2-1/2"]
[WhiteElo "2388"]
[BlackElo "2477"]
[PlyCount "161"]
[EventDate "2002.09.28"]
[EventType "swiss"]
[EventRounds "9"]
[EventCountry "IOM"]
[SourceTitle "BritBase"]
[SourceDate "2008.07.14"]
[SourceVersion "1"]
[SourceVersionDate "2008.07.14"]
[SourceQuality "2"]

1. d4 Nf6 2. c4 e6 3. Nc3 Bb4 4. Qc2 c5 5. dxc5 O-O 6. a3 Bxc5 7. Nf3 b6 8. Bg5
Bb7 9. e3 Be7 10. Be2 d6 11. O-O a6 12. Rfd1 Qc7 13. Rd2 Nbd7 14. Rad1 Rfd8 15.
Bf4 Nc5 16. Rc1 Rac8 17. Rdd1 h6 18. b4 Nce4 19. Nd2 Nxc3 20. Qxc3 Nd5 21. Qd3
Nxf4 22. exf4 d5 23. cxd5 Qxc1 24. Rxc1 Rxc1+ 25. Nf1 Bxd5 26. Qe3 Re1 27. Qd2
Ra1 28. Qd4 Rxa3 29. Qxb6 Rb3 30. Bxa6 Rxb4 31. Qc7 Bf6 32. h3 Ra8 33. Bd3 Rb3
34. Qc2 Rb2 35. Qc1 Rb3 36. Bc2 Rc3 37. Qb1 Bd4 38. Be4 Rb3 39. Qxb3 Bxb3 40.
Bxa8 g6 41. Ne3 Kg7 42. Bc6 h5 43. g3 Kf6 44. Kf1 e5 45. fxe5+ Kxe5 46. h4 Be6
47. Ke2 Bb6 48. Bb5 Kd4 49. Be8 Bc7 50. Nc2+ Kc3 51. Ne3 Be5 52. Nd1+ Kd4 53.
Ne3 Bc7 54. Nc2+ Ke5 55. Ne3 Kf6 56. Bc6 Bb8 57. Nd5+ Ke5 58. Ne3 Bc8 59. Be8
Ba6+ 60. Kf3 Ke6 61. Bc6 Ke7 62. Bd5 Bb5 63. Bc4 Be8 64. Ke2 Kd6 65. Kd3 Ke5
66. Nd5 Bd7 67. Ne3 Kf6 68. Nd5+ Kg7 69. Ne3 Be8 70. Ke4 Ba7 71. Ke5 Bc6 72.
Bd5 Bb5 73. Ke4 Be2 74. Ke5 Bb6 75. Bb3 f5 76. Bd1 Ba6 77. Nxf5+ gxf5 78. Kxf5
Bc8+ 79. Kg5 Bxf2 80. Kxh5 Bf5 81. Kg5 1/2-1/2